000 01244cam a22002175a 4500
001 L121097
008 030122s2003 xxk 000 0 eng u
035 _a(Sirsi) u121097
100 _aBrody, M.
245 0 2 _aA caring duty
260 _c2003
490 _aProject
_v15(7) December 2002/January 2003, 33(1)
520 _aA short article which outlines the primary issues dealt with by the new Control of Asbestos at Work Regulations 2002, which aim to effectively manage the risk of asbestos in non-domestic premises. Items examined include the duty holder, the duties, the approved code of practice, other legislation and timing. Points out that the duty to manage element of the regulations will come into force on 21 May 2004. The HSE has set up a dedicated website on this subject at www.hse.gov.uk/asbestos/.
650 _aMANAGEMENT-HEALTH AND SAFETY-HAZARDOUS SUBSTANCES-ASBESTOS
650 _aCONTROL OF ASBESTOS AT WORK REGULATIONS 2002
650 _aASBESTOS REGULATIONS
690 _aBUILT ENVIRONMENT
856 _uhttps://www.legislation.gov.uk/uksi/2002/2675/contents/made
_zView the Regulations at www.legislation.gov.uk
856 _uhttps://www.hse.gov.uk/asbestos
_zView the HSE asbestos web pages...
942 _n0
999 _c71957
_d71957